الخنزير ودوره في الحياه اليوميه والمعتقدات الدينيه في مصر القديمه /

محفوظ في:

المؤلف الرئيسي: أسماء شريف محمود علي موسي الجزار

التنسيق: كتاب

اللغة: Undetermined

منشور في: 2015

الوسوم: إضافة وسم

لا توجد وسوم, كن أول من يضع وسما على هذه التسجيلة!

رقم الطلب: Diss.,152

LEADER 00589nam a2200121Ia 4500
008 231023s9999||||xx |||||||||||||| ||und||
050 4 |a Diss.,152 
100 0 |a أسماء شريف محمود علي موسي الجزار 
245 1 0 |a الخنزير ودوره في الحياه اليوميه والمعتقدات الدينيه في مصر القديمه /   |c أسماء شريف محمود علي موسي الجزار. 
264 1 |c 2015 
942 |2 lcc  |c THESES 
952 |0 0  |1 0  |2 lcc  |4 0  |7 1  |9 51049  |a ARCE  |b ARCE  |d 2023-10-23  |l 0  |o Diss.,152  |p 1036420  |r 2023-10-23 00:00:00  |w 2023-10-23  |y THESES 
999 |c 54827  |d 54827